000 00479nam a2200181 a 4500
001 BRCA_8817
005 20190320210425.0
008 260417c--------sp-#######---#000-0#spa-#
041 _aspa
084 _aBE198
_b.I68
245 1 0 _aLos intereses de la Francia mal entendidos
300 _a[6], 368 p.
_c14.8 x 11 cm.
500 _aEstado físico: presenta encuadernación en pergamino
500 _aSin portada
650 1 4 _aFrancia
_921970
902 _aCFM
942 _2lcc
_cB
999 _c8468
_d8468